| 000 | 00707nam a2200217 i 4500 | ||
|---|---|---|---|
| 001 | 93898 | ||
| 003 | ES-MaACL | ||
| 005 | 20240514182432.0 | ||
| 007 | t| | ||
| 008 | 050422s1969 sp ||||1| spa d | ||
| 100 | 1 |
_aLópez-Picó, José María. _973889 |
|
| 245 | 1 | 0 |
_aAntología de la obra poética / _cde José María López-Picó; (prólogo y selección Felip Cid; versión J. Pomar). |
| 260 |
_aBarcelona : _bPolígrafa, _c1969. |
||
| 300 |
_a161 p. ; _c20 cm. |
||
| 490 | 1 |
_aLa Senda ; _vv. 7 |
|
| 700 | 1 |
_aCid, Felip, _d1930-2015 _938758 |
|
| 700 | 1 |
_aPomar, Jaume. _992897 |
|
| 830 | 0 |
_aLa Senda ; _vv. 7 _9182917 |
|
| 852 |
_aES-MaACL _jC-39395 _bR.72614 |
||
| 999 |
_c93898 _d93898 |
||